000
00501nam a2200181Ia 4500
008
090123s9999 xx 000 0 und d
082
_b
43267
100
_a
पोरे सुरेश
245
_a
या थोडं हसुया
250
_a
1
260
_c
2008
300
_a
275
600
_a
पोरे सुरेश
630
_a
या थोडं हसुया
700
_a
पोरे सुरेश
730
_a
या थोडं हसुया
942
_c
BOOK
999
_c
81368
_d
81368